<?xml version="1.0" encoding="UTF-8"?>
<collection xmlns="http://www.loc.gov/MARC21/slim">
 <record>
  <leader>00364pamaa2200145   4500</leader>
  <controlfield tag="001">0000033516</controlfield>
  <controlfield tag="005">20090930090000.0</controlfield>
  <datafield tag="020" ind1="0" ind2="0">
   <subfield code="a">0412285606 </subfield>
  </datafield>
  <datafield tag="082" ind1=" " ind2=" ">
   <subfield code="a">519.5 REE</subfield>
  </datafield>
  <datafield tag="090" ind1="0" ind2="0">
   <subfield code="a">QA276.12 </subfield>
   <subfield code="b">REE 1987</subfield>
  </datafield>
  <datafield tag="100" ind1="1" ind2="0">
   <subfield code="a">REES </subfield>
  </datafield>
  <datafield tag="245" ind1="1" ind2="0">
   <subfield code="a">Foundations of statistics  </subfield>
   <subfield code="c">D.G. Rees.</subfield>
  </datafield>
  <datafield tag="260" ind1="0" ind2="0">
   <subfield code="a">Boca Raton: </subfield>
   <subfield code="b">Chapman &amp; Hall, </subfield>
   <subfield code="c">1987.</subfield>
  </datafield>
  <datafield tag="300" ind1=" " ind2=" ">
   <subfield code="a">xiv, 543p.: </subfield>
   <subfield code="b">24cm.</subfield>
  </datafield>
  <datafield tag="650" ind1="0" ind2="0">
   <subfield code="a">Statistics </subfield>
  </datafield>
 </record>
</collection>
